000 00578 a2200229 4500
001 117683
020 _a9788524919763
020 _q(broch.)
041 _apor
082 _a028.5
250 _a.ed.
521 _aYear 2
697 _aLiteratura infantojuvenil
856 _u00002c/00002c8d.jpg
040 _aBR-BrIDEA
_cBR-BrIDEA
090 _aA Year 2 028
_bMAR
100 _aMartins, Cláudio
_d1948
245 1 0 _aBota a calça, calça a bota
_cClaúdio Martins
260 _aSão Paulo
_bCortez
_c2013
300 _a[24] p.
_e20.83 x 19.56 x 0.51 cm
942 _cBK
999 _c117683
_d117683